| 000 | 00472nam a2200181Ia 4500 | ||
|---|---|---|---|
| 008 | 230524s9999 xx 000 0 und d | ||
| 020 | _a9788126510900 | ||
| 082 |
_a621.38 _bMOH |
||
| 100 | _aNed Mohan | ||
| 245 | 0 | _aPower Electronics (With CD) | |
| 250 | _a3RD | ||
| 260 |
_aNEW DELHI _bJohn Wiley & Sons _c2004 |
||
| 300 | _aXII;335 | ||
| 500 | _aQuantity Number: 32 | ||
| 650 | _aElectrical | ||
| 700 | _a" Tore M.Undeland , William P.Robbins,,," | ||
| 942 | _cBK | ||
| 999 |
_c37078 _d37078 |
||